书目信息 |
| 题名: |
光源与照明
|
|
| 作者: | 柯顿 , 马斯登 主编 ;陈大华 译 | |
| 分册: | ||
| 出版信息: | 上海 复旦大学出版社 2000.01 |
|
| 页数: | 459页 | |
| 开本: | 26cm | |
| 丛书名: | ||
| 单 册: | ||
| 中图分类: | TM923.01 | |
| 科图分类: | ||
| 主题词: | 电气照明--dian qi zhao ming--照明光源--理论 , 电气照明--dian qi zhao ming--照明技术 | |
| 电子资源: | ||
| ISBN: | 7-309-02445-1 | |
| 000 | 01270nam0 2200313 450 | |
| 001 | 012006999094 | |
| 005 | 20061219153508.29 | |
| 010 | @a7-309-02445-1@dCNY38.00 | |
| 100 | @a20061129d2000 km y0chiy0120 ea | |
| 101 | 1 | @achi@ceng |
| 102 | @aCN@b310000 | |
| 105 | @aa a 000yy | |
| 200 | 1 | @a光源与照明@Aguang yuan yu zhao ming@f(英) J.R.柯顿, A.M.马斯登主编@F(ying)J.R.ke dun,A.M.ma si deng zhu bian@g陈大华等译@Gchen da hua deng yi |
| 210 | @a上海@c复旦大学出版社@d2000.01 | |
| 215 | @a459页@c图@d26cm | |
| 300 | @a本书介绍各类照明光源、灯具和灯用电器及室内外照明设计等 | |
| 305 | @a据原文第4版译出 | |
| 312 | @a并列题名取自版权页。 | |
| 320 | @a有书目 (第427-443页)。 | |
| 330 | @a本书共分三编二十三章,主要介绍光、视觉、色度和光学测量的基本原理,各类照明光源、灯具和灯用电器的特点,以及室内外照明设计的方法和应用,尤其注重反映欧美各国的近代照明科技发展最新动态。 | |
| 500 | 10 | @aLamps and lighting@mChinese |
| 606 | 0 | @a电气照明@Adian qi zhao ming@x照明光源@x理论 |
| 606 | 0 | @a电气照明@Adian qi zhao ming@x照明技术 |
| 690 | @aTM923.01@v4 | |
| 701 | 1 | @a柯顿@Ake dun@g(Coaton, J. R.)@4主编 |
| 701 | 1 | @a马斯登@Ama si deng@g(Marsden, A. M.)@4主编 |
| 702 | 0 | @a陈大华@Achen da hua@4译 |
| 801 | 0 | @aCN@c20061219 |
| 905 | @a10447@dTM923.01@eK365 | |
| 光源与照明/(英) J.R.柯顿, A.M.马斯登主编/陈大华等译.-上海:复旦大学出版社,2000.01 |
| 459页:图;26cm |
| 本书介绍各类照明光源、灯具和灯用电器及室内外照明设计等 |
| ISBN 7-309-02445-1:CNY38.00 |
| 本书共分三编二十三章,主要介绍光、视觉、色度和光学测量的基本原理,各类照明光源、灯具和灯用电器的特点,以及室内外照明设计的方法和应用,尤其注重反映欧美各国的近代照明科技发展最新动态。 |
| ● |
| 相关链接 |
|
|
|
正题名:光源与照明
索取号:TM923.01/K365
 
预约/预借
| 序号 | 登录号 | 条形码 | 馆藏地/架位号 | 状态 | 备注 |
| 1 | 229289 | 202292893 | 自科库301/301自科库 21排2列1层/ [索取号:TM923.01/K365] | 在馆 | |
| 2 | 229290 | 202292900 | 自科库301/301自科库 21排2列1层/ [索取号:TM923.01/K365] | 在馆 | |
| 3 | 229291 | 202292919 | 自科二线404/404自科库 21排5列5层/ [索取号:TM923.01/K365] | 在馆 |